00884cam a2200265 a 450000100090000000300040000900500170001300800410003001000170007102000150008804000180010305000230012108200170014410000230016124500490018425000130023326000440024630000460029050000220033665000320035865000570039065000460044765000210049385601040051411985764OSt20151015141101.0000425s2001 mauab 001 0 eng  a 00103883  a0618039775 aDLCcDLCdDLC00aPE1408b.T695 200100a808/.0422211 aTrimmer, Joseph F.10aWriting with a purpose /cJoseph F. Trimmer. a13th ed. aBoston :bHoughton Mifflin Co.,cc2001. axxvi, 619 p. :bill., col. maps ;c24 cm. aIncludes indexes. 0aEnglish languagexRhetoric. 0aEnglish languagexGrammarvProblems, exercises, etc. 0aReport writingvProblems, exercises, etc. 0aCollege readers.423Contributor biographical informationuhttp://www.loc.gov/catdir/enhancements/fy1513/00103883-b.html